|
|
|
|
| LEADER |
00829cam a2200229 7i4500 |
| 001 |
0000036212 |
| 005 |
20191212090000.0 |
| 007 |
##ta |
| 008 |
191212s2019 dcuar p 0 a0eng |
| 020 |
# |
# |
|a 9781464814945
|
| 040 |
# |
# |
|a MATR
|
| 090 |
0 |
0 |
|a I 338.9
|b WOR
|
| 245 |
0 |
0 |
|a WORLD DEVELOPMENT REPORT 2020 :
|b Trading for Development in the Age of Global Value Chains
|c [issued by] The World Bank.
|
| 264 |
# |
1 |
|a Washington, D.C.:
|b The World Bank,
|c 2019.
|
| 300 |
# |
# |
|a xix, 266 pages:
|b illustrations;
|c 27 cm.
|
| 336 |
# |
# |
|a text
|2 rdacontent
|
| 337 |
# |
# |
|a unmediated
|2 rdamedia
|
| 338 |
# |
# |
|a volume
|2 rdacarrier
|
| 650 |
# |
0 |
|a Economic development
|
| 651 |
# |
0 |
|a Developing countries --
|x Economic conditions
|
| 651 |
# |
0 |
|a Developing countries --
|x Economic policy
|
| 999 |
|
|
|a 0000040860
|b Book
|c International
|e Business Information Centre
|